<?xml version="1.0" encoding="UTF-8"?>
<collection xmlns="http://www.loc.gov/MARC21/slim">
 <record>
  <leader>     na                 </leader>
  <controlfield tag="001">INLIS000000000861576</controlfield>
  <controlfield tag="005">20210901023211</controlfield>
  <datafield tag="035" ind1=" " ind2=" ">
   <subfield code="a">0010-0621001111</subfield>
  </datafield>
  <controlfield tag="007">ta</controlfield>
  <controlfield tag="008">210505s2019    yoia   g           bind d</controlfield>
  <datafield tag="020" ind1=" " ind2=" ">
   <subfield code="a">978-602-258-549-7</subfield>
  </datafield>
  <datafield tag="040" ind1=" " ind2=" ">
   <subfield code="a">YOPDYOG</subfield>
   <subfield code="b">ind</subfield>
   <subfield code="e">rda</subfield>
  </datafield>
  <datafield tag="082" ind1="0" ind2="4">
   <subfield code="2">23</subfield>
   <subfield code="a">928</subfield>
  </datafield>
  <datafield tag="084" ind1=" " ind2=" ">
   <subfield code="a">928 GUS m</subfield>
  </datafield>
  <datafield tag="090" ind1=" " ind2=" ">
   <subfield code="a">CB-D.11 2019-4238</subfield>
  </datafield>
  <datafield tag="100" ind1="0" ind2=" ">
   <subfield code="a">Gusti Asnan,</subfield>
   <subfield code="d">1962-</subfield>
   <subfield code="e">penulis</subfield>
   <subfield code="t">Beberapa kenangan bersama Pak Mes: &quot;tulisan yang bagus Gusti, Bagus ditulis Gusti&quot;</subfield>
  </datafield>
  <datafield tag="245" ind1="1" ind2="0">
   <subfield code="a">Mestika Zed :</subfield>
   <subfield code="b">&quot;bintang&quot; sejarawan Indonesia generasi 80-an /</subfield>
   <subfield code="c">penulis, Gusti Asnan, Hasril Chaniago, Siti Fatimah, Afriva Khaidir, Aisiah, Andreas Haryono, Andrinof A. Chaniago, Arie Yulfa, Aryadie Adnan, Asvi Warman Adam, Azmi, Dirwan Ahmad Darwis; penyunting, Gusti Asnan, Hasril Chaniago, Siti Fatimah</subfield>
  </datafield>
  <datafield tag="300" ind1=" " ind2=" ">
   <subfield code="a">xiv, 382 halaman :</subfield>
   <subfield code="b">ilustrasi, foto, gambar ;</subfield>
   <subfield code="c">24 cm</subfield>
  </datafield>
  <datafield tag="650" ind1=" " ind2="4">
   <subfield code="a">Biografi sejarawan</subfield>
  </datafield>
  <datafield tag="700" ind1="0" ind2=" ">
   <subfield code="a">Hasril Chaniago</subfield>
   <subfield code="e">penulis</subfield>
   <subfield code="t">Selamat jalan guru, kakak, dan sahabat yang baik</subfield>
  </datafield>
  <datafield tag="700" ind1="0" ind2=" ">
   <subfield code="a">Siti Fatimah</subfield>
   <subfield code="e">penulis</subfield>
   <subfield code="t">Dari PGA, PKSBE, IKIP hingga UNP: Mestika Zed selalu mengiringi perjalananku</subfield>
  </datafield>
  <datafield tag="700" ind1="0" ind2=" ">
   <subfield code="a">Afriva Khaidir</subfield>
   <subfield code="e">penulis</subfield>
   <subfield code="t">Prof. Mestika Zed dan komitmen terhadap good governance</subfield>
  </datafield>
  <datafield tag="700" ind1="0" ind2=" ">
   <subfield code="a">Aisiah,</subfield>
   <subfield code="d">1981-</subfield>
   <subfield code="e">penulis</subfield>
   <subfield code="t">Mestika Zed, lentera di tengah gelap gulita</subfield>
  </datafield>
  <datafield tag="700" ind1="0" ind2=" ">
   <subfield code="a">Andreas Haryono</subfield>
   <subfield code="e">penulis</subfield>
   <subfield code="t">Berpulangnya mutiara Sumatera Barat</subfield>
  </datafield>
  <datafield tag="700" ind1="0" ind2=" ">
   <subfield code="a">Andrinof A. Chaniago,</subfield>
   <subfield code="d">1962-</subfield>
   <subfield code="e">penulis</subfield>
   <subfield code="t">Mestika Zed: role model akademisi-aktifis</subfield>
  </datafield>
  <datafield tag="700" ind1="0" ind2=" ">
   <subfield code="a">Arie Yulfa</subfield>
   <subfield code="e">penulis</subfield>
   <subfield code="t">Prof Mestika Zed dalam kenangan saya</subfield>
  </datafield>
  <datafield tag="700" ind1="0" ind2=" ">
   <subfield code="a">Aryadie Adnan</subfield>
   <subfield code="e">penulis</subfield>
   <subfield code="t">Mestika Zed: guru, sahabat dan konti terbaik</subfield>
  </datafield>
  <datafield tag="700" ind1="0" ind2=" ">
   <subfield code="a">Asvi Warman Adam,</subfield>
   <subfield code="d">1954-</subfield>
   <subfield code="e">penulis</subfield>
   <subfield code="t">Pejuang dan pemberontak dalam sejarah</subfield>
  </datafield>
  <datafield tag="700" ind1="0" ind2=" ">
   <subfield code="a">Azmi,</subfield>
   <subfield code="d">1939-</subfield>
   <subfield code="e">penulis</subfield>
   <subfield code="t">Mestika Zed</subfield>
  </datafield>
  <datafield tag="700" ind1="0" ind2=" ">
   <subfield code="a">Dirwan Ahmad Darwis,</subfield>
   <subfield code="d">1962-</subfield>
   <subfield code="e">penulis</subfield>
   <subfield code="t">Hilanglah sebuah Mestika Minangkabau</subfield>
  </datafield>
  <datafield tag="850" ind1=" " ind2=" ">
   <subfield code="a">YOPDYOG</subfield>
  </datafield>
  <datafield tag="264" ind1="3" ind2="1">
   <subfield code="a">Yogyakarta :</subfield>
   <subfield code="b">Ombak,</subfield>
   <subfield code="c">2019</subfield>
  </datafield>
  <datafield tag="336" ind1=" " ind2=" ">
   <subfield code="2">rdacontent</subfield>
   <subfield code="a">teks</subfield>
  </datafield>
  <datafield tag="337" ind1=" " ind2=" ">
   <subfield code="2">rdamedia</subfield>
   <subfield code="a">tanpa perantara</subfield>
  </datafield>
  <datafield tag="338" ind1=" " ind2=" ">
   <subfield code="2">rdacarrier</subfield>
   <subfield code="a">volume</subfield>
  </datafield>
  <datafield tag="999" ind1=" " ind2=" ">
   <subfield code="a">CB-D.11/2019-4238</subfield>
  </datafield>
  <datafield tag="990" ind1=" " ind2=" ">
   <subfield code="a">CB-D.11/2019-4114</subfield>
  </datafield>
  <datafield tag="990" ind1=" " ind2=" ">
   <subfield code="a">CB-D.11/2019-4238</subfield>
  </datafield>
 </record>
</collection>
